| 000 | 00487cam a2200157 a 4500 | ||
|---|---|---|---|
| 020 | _a0877623007 (pbk. : v. 1) | ||
| 040 | _cDLC | ||
| 082 | 0 | 0 | _a620 TEC 1981 A106 Or. |
| 245 | 0 | 0 | _aEnvironmental effects on composite materials / |
| 260 |
_aWestport, CT : _bTechnomic Pub. Co., _cc1981-<c1988 > |
||
| 300 |
_av. <1-3 > : _bill. ; _c23 cm. |
||
| 500 | _aVols. 2-<3 > have imprint: Lancaster, Pa. | ||
| 650 | 0 | _aComposite materials | |
| 700 | 1 | _aSpringer, George S. | |
| 942 | _cAEDBB | ||
| 999 |
_c16572 _d16572 |
||